000 02947cam a22006014i 4500
003 PE-LiUPU
005 20250731170453.0
008 150706s2010 mx a rb 000 0 d
020 _a9789701068939
035 _a(Sirsi) i9789701068939
040 _aPE-LiUPU
_bspa
_cPE-LiUPU
_erda
049 _aPRUA
082 0 4 _a170
_bO63
_221
100 1 _aOrdieres, Alejandro,
_eautor.
245 1 0 _aFundamentos para una ética ciudadana /
_cAlejandro Ordieres y Carlos J. McCadden M.
264 1 _aMéxico :
_bMCGraw-Hill,
_c[2010].
300 _a216 páginas :
_bilustraciones ;
_c27cm.
336 _atext
_2rdacontent
337 _aunmediated
_2rdamedia
338 _avolume
_2rdacarrier
504 _aIncluye bibliografía.
505 0 _aÉtica moral -- Importancia del estudio de la ética -- Caracterización de la ética -- Ética, moral e inmoralidad -- Hacia una concepción mínima de la ética -- Esencia de una actitud reflexiva -- El ser humano como ser de valores -- La dignidad del ser humano -- Los actos del hombre y actos humanos -- La estructura del acto moral -- La construcción de hábitos y la formación del carácter -- Los valores, su clasificación y su jerarquía.-Enfoques éticos y el actuar humano -- El ser humano como ciudadano -- La norma en sí misma -- La autoridad, su función y los límites -- Autonomía y heteronomía moral -- Derechos y deberes -- Ser ciudadano y el marco legal -- La justicia, la responsabilidad social y la participación ciudadana -- Enfoque éticos y el actuar ciudadano -- Problemas éticos contemporáneos -- La sociedad contemporánea -- Los valores alcanzados por la ciudadanía -- Multiculturalismo, aculturación y globalización -- La ciencia y la técnica, nuevas perspectivas, nuevas capacidades y nuevas responsabilidades -- La bioética y su problemática -- El adolescente y la sociedad contemporánea -- El adolescente y su proyecto de vida.
526 _aSEG68
526 _aSEG70
526 _aSEG69
526 _aSEG67
526 _aSEG43
526 _aP144
526 _aP143
526 _aP131
526 _aP122
526 _aP120
526 _aP117
526 _aP112
526 _aP110
526 _aP106
526 _aP101
526 _aP80
526 _aP59
526 _aP54
526 _aP35
526 _aP33
526 _aP30
541 _g001-0033455;
650 0 4 _aÉtica social.
700 1 _aMcCadden M., Carlos J.,
_eautor.
910 _agl20111005
942 _2ddc
_cBOOK
949 _a170 O63
_wDEWEY
_c1
_i63755
_lCCODEBUL1
_mBUL
_p15.00
_r0
_sY
_tBOOK
_u2015-7-6
_xFCE
_zAGB
_o.STAFF. Colección General
994 _aC0
_bPEPRU
596 _a1
999 _a170 O63
_wDEWEY
_c52653
_i63755
_d52653
_e2017-5-11
_f2021-11-4
_g6
_lCCODEBUL1
_mBUL
_n2
_p15.00
_r0
_sY
_tBOOK
_u2015-7-6
_xBIBLIOTECA
_zAGB
_0COMPRA
_o.STAFF. Colección General
980 _81
_gALBERTO SANCHEZ Responsable de Automatización